Record Details
Back To Results
Showing Item 6 of 26

RELIGIOUS AND MORAL EDUCATION FOR PRIMARY SCHOOLS

BADU NKANSAH (Author).

Record details

  • ISBN: 9789988077280
  • Physical Description: PAPERBACK
  • Publisher: ACCRA EXCELLENT PUBLISHING AND PRINTING 2010
Subject: MORALS

Available copies

  • 10 of 10 copies available at Headquarters.
Location Call Number / Copy Notes Barcode Shelving Location Status Due Date
Airport Children Library 201 J200/NKA 000001248166 200 - Religion and Mythology Available -
Airport Children Library 201 J200/NKA 000001248173 200 - Religion and Mythology Available -
Airport Children Library 201 J200/NKA 000001248180 200 - Religion and Mythology Available -
Airport Children Library 201 J200/NKA 000001248197 200 - Religion and Mythology Available -
Airport Children Library 201 J200/NKA 000001248203 200 - Religion and Mythology Available -
Airport Children Library 201 J200/NKA 000001248210 200 - Religion and Mythology Available -
Airport Children Library 201 J200/NKA 000001248227 200 - Religion and Mythology Available -
Airport Children Library 201 J200/NKA 000001248234 200 - Religion and Mythology Available -
Airport Children Library 201 J200/NKA 000001248241 200 - Religion and Mythology Available -
Airport Children Library 201 J200/NKA 000001248258 200 - Religion and Mythology Available -

No reviews or recommendations are currently available.

Loading shelf browser…

LDR 00620cam a2200205Ka 4500
00178575
003HQ
00520210416094017.0
008070101s gh a cr 0 eng d
020 . ‡a9789988077280
037 . ‡aSSNIT
082 . ‡aJ200/NKA
100 . ‡aBADU NKANSAH
245 . ‡aRELIGIOUS AND MORAL EDUCATION FOR PRIMARY SCHOOLS
260 . ‡aACCRA ‡bEXCELLENT PUBLISHING AND PRINTING ‡c2010
300 . ‡aPAPERBACK
650 . ‡aMORALS
901 . ‡a78575 ‡bAUTOGEN ‡c78575 ‡tbiblio
Back To Results
Showing Item 6 of 26

Session Timeout

Your session will expire in minutes and seconds.

If you need more time, please click "Continue Session."

Session Ended

Your session has ended. Redirecting to the home page...